[Event "FIDE World Cup"]
[Site "Tbilisi"]
[Date "2017.09.21"]
[Round "6.4"]
[White "Aronian, Levon"]
[Black "Vachier Lagrave, Maxime"]
[Result "1-0"]
[WhiteElo "2802"]
[BlackElo "2804"]
[Annotator "Nadanian,A"]
[PlyCount "51"]
[EventDate "2017.09.03"]
[EventType "k.o."]
[EventRounds "7"]
[EventCountry "GEO"]
[SourceTitle "CBM 181"]
[Source "ChessBase"]
[SourceDate "2017.11.10"]
[SourceVersion "1"]
[SourceVersionDate "2017.11.10"]
[SourceQuality "1"]

{Mekhitarian,K: 'This was probably one of the most important games in both of
these players' careers - playing in the World Cup Semifinals, the winner of
the match would be guaranteed a spot at the 2018 Candidates. This was the
second rapid game - MVL had won the first, forcing Aronian to go all-in in
this decisive battle! He had to win, otherwise he would say goodbye to the
2018 World Championship Cycle.'} 1. d4 {Mekhitarian,K} Nf6 2. c4 g6 3. f3 $1 c5
4. d5 d6 5. Nc3 e6 6. e4 Bg7 7. Nge2 {Mekhitarian,K: 'The white knight has to
go on to this uncomfortable square for now - the alternative would be to play
Nh3-Nf2 (in case Black plays ...Nbd7 quickly, closing in the c8-bishop)'} O-O
8. Ng3 a6 9. a4 h5 {A popular idea in this King's Indian Sämisch line. The
early march / thrust of the h-pawn has the goal to attack the knight on g3 and
thus try to clutter White's pieces on the kingside.} 10. Bg5 Qc7 {Getting rid
of the pin, Black wants to play 11...Nh7, in order to again threaten to
advance the h-pawn.} 11. Qd2 exd5 12. cxd5 Nh7 (12... Nbd7 {(Mekhitarian,K)
there were some strong precedents in this position:} 13. Be2 Rb8 14. O-O c4 15.
Be3 $1 (15. Rab1 Re8 16. b4 cxb3 17. Rxb3 Nc5 18. Rb4 Bd7 19. Rfb1 Rec8 20. Be3
h4 21. Nh1 Nh5 $36 {1/2-1/2 (57) Giri,A (2758)-Bacrot,E (2729) Bilbao 2014})
15... h4 16. Nh1 h3 (16... Nc5 $1 $132) 17. Nf2 hxg2 18. Kxg2 Nh5 19. f4 Nhf6
20. Rac1 $1 $146 (20. Bf3 $6 Re8 $13 {1/2-1/2 (33) Anand,V (2811)-Nakamura,H 
(2758) Moscow 2011} (20... Nc5 $1 $132)) 20... b5 (20... Nc5 21. Bxc4 $16) 21.
b4 $1 $16 {a typical move stopping the queenside expansion and at the same
time, removing the important c5-square: 1-0 (46) Morley,P (2351)-Kazoks,A 
(2368) ICCF 2015}) 13. Bh6 h4 14. Bxg7 Kxg7 15. Bc4 $1 $146 {A new and very
interesting idea.  Mekhitarian,K: 'What a moment to have such an important
novelty! White plans on re-routing the knight without closing in the bishop on
f1. Naturally Black is not forced to accept the sacrifice on g3, but
Vachier-Lagrave is a principled player and it is admirable that he goes for
the most objective move (which involves a great deal of risk as well) to avoid
a worse position. I'm not saying he should do it, but the human instinct would
avoid complications when your opponent seems to be well prepared, not to
mention the importance of the game. Maybe that's why he is one of the best.'} (
{Before this game White automatically played} 15. Nge2 {which has a
significant disadvantage - blocking the f1-bishop.} Qe7 {(Mekhitarian,K)} 16.
Nf4 Nd7 17. Be2 Ne5 18. O-O f5 {here at least White didn't have time to play
Bc4} (18... Bd7 $5 {since White is not threatening to expand the kingside for
now, Black has time to develop, and supporting ...b5 once more may be useful
just in case, so White has to be watching it} 19. a5 Rae8 $13) 19. Rad1 Nf6 20.
Ne6+ Bxe6 21. dxe6 Qxe6 22. Qxd6 Qxd6 23. Rxd6 fxe4 24. fxe4 $11 {1-0 (49)
Dreev,A (2658)-Gladyszev,O (2455) France 2007}) 15... hxg3 {A principled and
correct decision. Otherwise White has good play for "free of charge". Although
Levon thinks, that 15...Qe7 is safer and more justified from a practical point
of view.} 16. hxg3 Rh8 {Somewhere around that moment, Levon realised that he
did not remember the analysis well enough and decided to just make natural
moves.} ({White has also compensation after other moves:} 16... g5 17. Bd3) ({
or} 16... f6 17. O-O-O) 17. e5 $1 {Very energetic. If White manages to open
his bishop, then his attack will become decisive. With 17.e5 White also frees
the e4-square for his knight.} ({After} 17. Qh6+ Kg8 18. e5 Qe7 19. e6 Nd7 20.
O-O-O Ndf8 {White has not enough compensation for the sacrificed piece.}) 17...
Qe7 $1 {Black's queen rushes to the epicentre of events. Other moves are bad:}
(17... Nd7 18. e6 $40) (17... dxe5 $2 18. d6 Qd7 19. Qh6+ Kg8 20. Qxg6+ $18)
18. O-O-O ({An alternative was} 18. e6 Nd7 19. O-O-O Ndf6 (19... Ndf8 20. Ne4)
20. Qh6+ Kg8 21. g4 {with an unclear position.}) 18... Nd7 (18... Qxe5 $4 {
is a fatal blunder:} 19. Rde1 Qd4 20. Qh6+ Kf6 21. Rh4) (18... b5 $5 {
Mekhitarian,K trying to initiate counterplay was possible} 19. exd6 Qd8 $1 {
with complex play, looks more logical than ...Qxd6 allowing Ne4} (19... Qxd6
20. Ne4 Qd8 21. Qc3+ f6 {the computer says Black defends, but this looks way
too dangerous to be even considered in a rapid game}) 20. Qh6+ Kg8 21. Bd3 Qf8
$1 22. Qh4 $40 {madness continues over the board.}) 19. exd6 ({Black holds
after} 19. Qh6+ Kg8 20. e6 Ndf8) 19... Qxd6 ({"Houdini" suggests} 19... Qf8 $5
{a typical computer move. After} 20. Ne4 (20. g4 Nhf6 {Black is OK}) 20... Nhf6
21. Qc3 Qe8 22. Nxf6 Nxf6 23. g4 Rxh1 24. Rxh1 Qxa4 25. g5 Qa1+ 26. Kd2 Qxh1
27. Qxf6+ Kg8 28. Qd8+ Kh7 29. Qf6 Qxg2+ 30. Be2 {White gives perpetual check.}
) 20. Ne4 {Now beside the h-file Black has a second weakness - the a1-h8
diagonal.} Qe5 ({Now} 20... Qf8 $6 {is not so good, since after} 21. d6 Nhf6
22. Qc3 {the pin is very dangerous and White threatens to push his g-pawn. i.e.
} b5 23. g4 $1) 21. d6 ({Black holds position after} 21. Rde1 Nhf8 22. Rxh8
Kxh8 23. Ng5 Qd4 24. Nxf7+ Kg8) 21... g5 $2 {A big mistake.} ({Black should
have played} 21... Ndf8 $1 {and it seems White has nothing better than a draw
after} 22. Qh6+ Kg8 23. d7 Bxd7 24. Rxd7 Nxd7 25. Qxg6+ Qg7 26. Bxf7+ Kf8 27.
Qd6+ Kxf7 28. Qxd7+ Kf8 $11) 22. Rhe1 (22. Bxf7 Kxf7 23. Rde1 Kg8 24. Rxh7 Rxh7
25. Nxg5 Qf5 26. g4 Qg6 27. Nxh7 Qxh7 28. Re8+ Nf8 $13) 22... b5 ({Other moves
also lose:} 22... Qf5 23. Qc3+ Qe5 24. Qc2 $18) (22... Nb6 23. Bxf7 Kxf7 24. d7
$18) 23. Bd5 $1 (23. Nc3 Qd4 24. Qc2 Qxc4 25. Re4 Qxe4 26. Qxe4 Rb8 $13) 23...
Rb8 ({Another chance to survive was} 23... Ra7 $5 {with the idea to use the
rook for defending the f7-square. In order to win now White should have found
a series of a difficult and precise moves:} 24. f4 Qd4 25. Qe2 Qxa4 26. Qh5 Nb6
27. Nc3 Qa5 (27... Qa1+ 28. Kc2 Qa5 29. fxg5 Bf5+ 30. Be4) 28. Ba2 $1 Bg4 29.
Qxg4 b4 30. Ne4 Qxa2 31. Nxg5 {and White wins.}) 24. f4 Qd4 $2 {The famous
American grandmaster Robert Byrne once noted, that in order to lose the game,
it is usually necessary to make two mistakes: the first that puts you in a
quandary, and the second - the fateful one, which deprives you of the chance
to get out of the a band of difficulties. If we apply this observation to the
current game, then we can state, that the move 21...g5? put Black in a
difficult position and 24...Qd4? became a fatal mistake.} ({Black was obliged
to play} 24... Qf5 25. Qc3+ (25. fxg5 Bb7 26. Qc3+ Kg8 27. Rf1 Qxf1 28. Rxf1
Bxd5) 25... Ndf6 26. d7 b4 27. dxc8=Q Rbxc8 28. Qc4 $16) 25. Qe2 (25. Qc2 {
also wins.}) 25... Qb4 (25... Qxa4 26. Qh5 $18) 26. Qh5 {Black resigns. It is
symbolic that the last decisive move in this game was made possible due to a
serious weakening of the position after 21...g5? A nice Tal-like attack by
Levon!} 1-0